| 000 | 00433cam a22001217a 4500 | ||
|---|---|---|---|
| 008 | 180718b1966 xxu||||| |||| 00| 0 eng d | ||
| 082 | _aA81x54 In2/61/11/PT6/9 | ||
| 100 | _aCensus of India 1961 | ||
| 245 | _aMysore: village survey monographs, Keladi village Sagar taluk, Shimoga district | ||
| 260 |
_aDelhi _bThe Manager of Publications _c1966 |
||
| 300 | _a100+p. | ||
| 440 | _aCensus of India 1961. Volume XI, Mysore. Part VI. No. 9 | ||
| 999 |
_c483968 _d483968 |
||